00556nam a22001817a 45000050016000000100029000160200026000450350027000710370015000980370019001130820008001322450071001402600040002112700077002513000026003287000017003547100003003712011063001271.0 aENG-102905 B-445981-985 c595.00a9788178440804 aEN-86438 B-445981-985 bDBAD / PUB bAllied Pub/Ven a260 aGuru Granth Sahib :cedited by Jaspal Singhbthe Sikh scripture / aNew DelhibK. K. Publicationsc2010 a109, 4855/24, Harbans Street, Ansari Road, Darya GanjbNew Delhie110002 axx,224p. c22cm (Hb)  aJaspal Singh